The golden compass / (Record no. 2463)
[ view plain ]
| 000 -LEADER | |
|---|---|
| fixed length control field | 00695nam a22002177a 4500 |
| 005 - DATE AND TIME OF LATEST TRANSACTION | |
| control field | 20260114055841.0 |
| 008 - FIXED-LENGTH DATA ELEMENTS--GENERAL INFORMATION | |
| fixed length control field | 260114b |||||||| |||| 00| 0 eng d |
| 020 ## - INTERNATIONAL STANDARD BOOK NUMBER | |
| International Standard Book Number | 978-0-593-17855-3 |
| 082 ## - DEWEY DECIMAL CLASSIFICATION NUMBER | |
| Classification number | Fic. P982 1996 |
| 100 ## - MAIN ENTRY--PERSONAL NAME | |
| Personal name | Pullman, Philip |
| 9 (RLIN) | 57 |
| 245 ## - TITLE STATEMENT | |
| Title | The golden compass / |
| Statement of responsibility, etc. | Philip Pullman |
| 260 ## - PUBLICATION, DISTRIBUTION, ETC. | |
| Place of publication, distribution, etc. | New York: |
| Name of publisher, distributor, etc. | Alfred A. Knopf, |
| Date of publication, distribution, etc. | c1996 |
| 300 ## - PHYSICAL DESCRIPTION | |
| Extent | [422]p.: |
| Other physical details | ill. |
| 490 ## - SERIES STATEMENT | |
| Series statement | His dark materials; bk1 |
| 541 ## - IMMEDIATE SOURCE OF ACQUISITION NOTE | |
| Accession number | 7840 c.1 |
| 650 ## - SUBJECT ADDED ENTRY--TOPICAL TERM | |
| Topical term or geographic name entry element | Belacqua, Lyra (Fictitious character) - Juvenile fiction |
| 9 (RLIN) | 58 |
| 650 ## - SUBJECT ADDED ENTRY--TOPICAL TERM | |
| Topical term or geographic name entry element | Missing persons - Fiction |
| 9 (RLIN) | 59 |
| 650 ## - SUBJECT ADDED ENTRY--TOPICAL TERM | |
| Topical term or geographic name entry element | Kidnapping - Fiction |
| 9 (RLIN) | 60 |
| 650 ## - SUBJECT ADDED ENTRY--TOPICAL TERM | |
| Topical term or geographic name entry element | Familiars (Spirits) - Juvenile fiction |
| 9 (RLIN) | 61 |
| 650 ## - SUBJECT ADDED ENTRY--TOPICAL TERM | |
| Topical term or geographic name entry element | Fantasy fiction |
| 9 (RLIN) | 62 |
| Withdrawn status | Lost status | Source of classification or shelving scheme | Damaged status | Not for loan | Home library | Current library | Date acquired | Total Checkouts | Full call number | Barcode | Date last seen | Copy number | Price effective from | Koha item type |
|---|---|---|---|---|---|---|---|---|---|---|---|---|---|---|
| Dewey Decimal Classification | ctu-moalboal | ctu-moalboal | 05/27/2024 | Fic. P982 1996 | 7840 | 01/14/2026 | 1 | 01/14/2026 | Books-Fiction |